000 00694nam a2200289Ia 4500
005 20260324112045.0
008 008 260324s9999 xx 000 0 eng d
020 _a9781003495567
037 _aEBOOK
040 _aCRL
040 _beng
040 _cCRL
041 _2eng
041 _aeng
084 _qCRL
100 _aJean-Marc F. Blanchard
245 0 _aChinese Overseas Ports in Southeast and South Asia
245 0 _bCutting Through the Froth
260 _bTaylor and Francis
260 _c2024
365 _a
365 _b220
856 _uhttp://www.taylorfrancis.com/books/9781003495567
942 _cEBOOK
999 _c1730170
_d1730170